01274nam a2200337 a 450000100060000000300080000600500170001400600190003100700150005000800410006502000180010603500230012403500240014703500250017103500220019604000260021805000190024408200150026324501740027826000560045230000110050853301640051965000290068365000220071265500270073470000320076170000310079370000310082471000190085585600620087433669FlNmELB20241216220836.0m o d | cr cn|||||||||101108s2010 sp s 000 0 spa d z9788499481180 a(MiAaPQ)EBC3209241 a(Au-PeEL)EBL3209241 a(CaPaEBR)ebr10664986 a(OCoLC)1010698436 aFlNmELBbspacFlNmELB 4aK50bG563 201004a340.1422200aGlosario jurídico básicoh[recurso electronico] /ccoordinadores Antonio López Álvarez, Alfonso Ortega Giménez ; autores Álvaro Antón Antón ... [et al.]. aSan Vicente :bEditorial Club Universitario,c2010. a475 p. aRecurso electrónico. Santa Fe, Arg.: e-libro, 2015. Disponible vía World Wide Web. El acceso puede estar limitado para las bibliotecas afiliadas a e-libro. 4aDerechoxTerminología. 0aLawxTerminology. 4aLibros electrónicos.1 aLópez Álvarez, Antonio.1 aOrtega Giménez, Alfonso.1 aAntón Antón, Álvaro.2 ae-libro, Corp.40uhttps://elibro.net/ereader/politecnicointernacional/62279